Statistics for Country Picture Puzzle Game #10

Click here to take the quiz!

General Stats

  • This quiz has been taken 1,922 times
  • The average score is 8 of 17

Answer Stats

HintAnswer% Correct
HTML tutorial Equatorial, Bissau, Papua New e.g.Guinea
97%
HTML tutorial The biggest Mediterranean islandSicily
77%
HTML tutorial Symbol in flag of Saudi ArabiaSword
56%
HTML tutorial The northernmost majority Muslim country in the worldKazakhstan
55%
France
53%
HTML tutorial City in Mexico, just southern of San DiegoTijuana
51%
HTML tutorial Capital city of Puerto RicoSan Juan
49%
HTML tutorial Russian exclave between Poland and LithuaniaKaliningrad
48%
HTML tutorial Capital city of TibetLhasa
47%
HTML tutorial Capital city of RwandaKigali
46%
HTML tutorial Other name for Rapa NuiEaster Island
33%
HTML tutorial The biggest island and the smallest province of ChinaHainan
32%
HTML tutorial Longest mountain range in CaliforniaSierra Nevada
32%
HTML tutorial Norwegian archipelago in the Arctic Ocean with islands Spitsbergen, Nordaustlandet...Svalbard
30%
HTML tutorial Major water-traffic corridor in VeniceThe Grand Canal
24%
HTML tutorial Other name for KalimantanBorneo
17%
HTML tutorial The second largest city in FinlandEspoo
17%

Score Distribution

Percentile by Number Answered

Percent of People with Each Score

Your Score History

You have not taken this quiz